000 00573nam a2200229Ia 4500
003 OSt
005 20220924142757.0
006 a|||||r|||| 00| 0
007 ta
008 ASM
024 _a303260
037 _cTextual
040 _aARTS
_cARTS
_bASM
041 _2ASM
_aASM
082 _aQ22:332wJ1, 158N9
100 _aMahanta Bap Chandra
_9214045
245 0 _aEitihasik patobhumit mohapurush sankardev
260 _c1999
650 _aRELIGION
942 _hQ22:332wJ1, 158N9
_cTEXL
_2CC
999 _c451920
_d451920